Computational fluid dynamics (Record no. 5417)

000 -LEADER
fixed length control field 00558nam a22002054a 4500
001 - CONTROL NUMBER
control field 5417
003 - CONTROL NUMBER IDENTIFIER
control field BD-DhUET
008 - FIXED-LENGTH DATA ELEMENTS--GENERAL INFORMATION
fixed length control field 001218s2002 enka b 001 0 eng
020 ## - INTERNATIONAL STANDARD BOOK NUMBER
International Standard Book Number 0521594162
040 ## - CATALOGING SOURCE
Original cataloging agency DLC
Transcribing agency DLC
Modifying agency BD-DhUET
082 00 - DEWEY DECIMAL CLASSIFICATION NUMBER
Classification number 532.050285
Item number CHU/2002
100 ## - MAIN ENTRY--PERSONAL NAME
Personal name Chung, T. J.
245 10 - TITLE STATEMENT
Title Computational fluid dynamics
250 ## - EDITION STATEMENT
Edition statement 1st ed.
260 ## - PUBLICATION, DISTRIBUTION, ETC. (IMPRINT)
Place of publication, distribution, etc. New York
Name of publisher, distributor, etc. Cambridge University Press
Date of publication, distribution, etc. 2002
300 ## - PHYSICAL DESCRIPTION
Extent xxiii, 1012 p.
Other physical details ill.
Dimensions 26 cm.
504 ## - BIBLIOGRAPHY, ETC. NOTE
Bibliography, etc Includes bibliographies
650 #0 - SUBJECT ADDED ENTRY--TOPICAL TERM
Topical term or geographic name as entry element Fluid dynamics - Data processing
942 ## - ADDED ENTRY ELEMENTS (KOHA)
Koha item type General Book
Holdings
Date acquired Price effective from Sublocation or collection (holding branch) Piece designation (barcode) Lost status Location (home branch) Damaged status Source of classification or shelving scheme Not for loan Shelving location Koha item type Koha date last seen Koha normalized classification for sorting Koha full call number Withdrawn status Copy number
2014-11-262014-11-26Central Library, BUET103636 Central Library, BUET   Circulation sectionGeneral Book2017-10-11532_000000000000000_050285CHU2532.050285/CHU/2002 1
2015-06-222015-06-22Central Library, BUET101213 Central Library, BUET   Reading sectionReading Item2015-06-22532_050285000000000_CHU_2002532.050285/CHU/2002 2
2015-08-242015-08-24Central Library, BUET102625 Central Library, BUET   Circulation sectionGeneral Book2022-04-24532_050285000000000_CHU_2002532.050285/CHU/2002 3
2007-05-272018-05-07Central Library, BUET103637 Central Library, BUET   Circulation sectionGeneral Book2018-05-07532_050285000000000_CHU_2002532.050285/CHU/2002 4